Bilecik Bilecik Bilecik Bilecik Bilecik

Poetika/ (Record no. 58110)

MARC details
000 -BAŞLIK
Sabit Uzunluktaki Kontrol Alanı 01181nam a22003497a 4500
001 - KONTROL NUMARASI
Control Dosyası 0058306
003 - KONTROL NUMARASI KİMLİĞİ
Kontrol Alanı KOHA_MİRAKIL
005 - EN SON İŞLEM TARİHİ ve ZAMANI
Kontrol Alanı 20260207004149.0
007 - FİZİKSEL TANIM SABİT ALAN - GENEL BİLGİ
Sabit uzunluklu kontrol alanı ta
008 - SABİT UZUNLUKTAKİ VERİ ÖGELERİ - GENEL BİLGİ
Sabit Alan 160607b1961 tu |||gr||||#||||1|tur |
040 ## - KATALOGLAMA KAYNAĞI
Özgün Kataloglama Kurumu TR-BiSEU
Kataloglama Dili tur
Çeviri Kurumu TR-BiSEU
Açıklama Kuralları rda
041 0# - DİL KODU
Metin ya da ses kaydının dil kodu tur
044 ## - YAYINLAYAN/ÜRETEN KURULUŞUN ÜLKE KODU
ISO country code tu
050 ## - SINIFLAMA ve YER NUMARASI
Sınıflama Numarası PN1040
Yer Numarası .A51 1961
100 0# - KİŞİ ADI
Yazar Adı (Kişi adı) Aristoteles
Fuller form of name (Aristo).
240 10 - TEK BİÇİM BAŞLIK
Tekbiçim Başlık <a href="Poetics.">Poetics.</a>
Language of a work Türkçe
245 1# - ESER ADI BİLDİRİMİ
Başlık Poetika/
Sorumluluk Bildirimi Aristoteles (Aristo) ; Aristoteles ; çeviren İsmail Tunalı.
264 #1 - ÜRERİM, YAYIN, DAĞITIM ve TELİF BİLDİRİMİ
Yayın yeri Erzurum :
Yayınlayan Atatürk Üniversitesi
Yayın tarihi 1961
300 ## - FİZİKSEL TANIMLAMA
Sayfa, Cilt vb. 66 sayfa ;
Boyutları 24 cm.
336 ## - İÇERİK TÜRÜ
Content type term metin
Content type code txt
Source rdacontent
337 ## - MEDYA TÜRÜ
Media type term aracısız
Media type code n
Source rdamedia
338 ## - TAŞIYICI TÜRÜ
Carrier type term cilt
Carrier type code nc
Source rdacarrier
490 1# - DİZİ BİLDİRİMİ
Dizi Bildirimi Atatürk Üniversitesi yayınları ;
Cilt Numarası no.
490 1# - DİZİ BİLDİRİMİ
Dizi Bildirimi 14 Fen-Edebiyat fakültesi-Tercümeler serisi ;
Cilt Numarası no.1
500 ## - GENEL NOT
Genel Not Özgün adı: Poetics.
500 ## - GENEL NOT
Genel Not Kaynakça ve dizin var.
650 #0 - KONU BAŞLIĞI EK GİRİŞ - KONU TERİMİ
Konusal terim veya coğrafi ad Poetry
Genel Alt Konu Early works to 1800.
9 (RLIN) 107950
650 #0 - KONU BAŞLIĞI EK GİRİŞ - KONU TERİMİ
Konusal terim veya coğrafi ad Aesthetics
Genel Alt Konu Early works to 1800.
9 (RLIN) 107951
830 1# - SERİ EK GİRİŞİ - TEKBİÇİM ESER ADI
Tekbiçim Başlık Atatürk Üniversitesi yayınları ;
Volume number/sequential designation no.
9 (RLIN) 16569
830 1# - SERİ EK GİRİŞİ - TEKBİÇİM ESER ADI
Tekbiçim Başlık 14 Fen-Edebiyat fakültesi-Tercümeler serisi ;
Volume number/sequential designation no.1
9 (RLIN) 107952
942 ## - EK GİRİŞ ÖGELERİ (KOHA)
Source of classification or shelving scheme Library of Congress Classification
Koha item type Book
Holdings
Materyal Türü Kalıcı Konum Mevcut Konum Raf Yeri Sınıflandırma Kaynağı Edinim Bilgisi Ana Konular Alt Konular Yer Numarası Demirbaş Numarası Fatura Tarihi Geri Çekilme Durumu Kayıp Durumu Hasarlı Durumu Kredi için değil Kayıt Tarih Toplam Ödünçverme Son Görülme Tarihi Son Kontrol Tarihi Genel / Bağış Notu
Book Prof. Dr. Azmi Özcan Kütüphanesi Prof. Dr. Azmi Özcan Kütüphanesi Birûni Salonu Library of Congress Classification Bağış DİL VE EDEBİYAT Edebiyat (Genel) PN1040 .A51 1961 0058306 02/02/2026         07/06/2016 3 05/12/2024 05/12/2024 Nazmi Oruç, Akademisyen